000 00859nam a2200229 a 4500
001 59052
003 BD-RjUL
005 20220324101600.0
008 060209s1994 ua 000 0 ara d
035 _a(BD-RjUL)59052
040 _aBBR
_cBD-RjUL
_beng
041 _aara
082 _a610.3
_bDIC 1994
_223
100 1 _aإلياس، إدوار إ.= Elias, Edward
_92009
245 1 2 _aالقاموس الجامعي = The Collegiate Dictionary
_bانجليزي - عربي = arabic-english /
_cإدوار إ. إلياس.= edward Elias Elias
260 _aالقاهرة :
_bElias, Modern press,
_c١٩٩٤ م.
300 _a836 ص. ؛
_c٢٠ سم.
500 _aللكتاب عنوان اخر بالانجليزية
650 4 _aMedicine
_vDictionaries and encyclopedias
_xArabic.
_92010
650 4 _aenglish
_vDictionaries
_xArabic
_92011
942 _2ddc
_cREF
999 _c59052
_d59052